000 00438nam a2200181Ia 4500
001 11096
005 20260306161921.0
008 260306t1978||||xx |||||||||||||| ||spa||
041 _aESP
082 _a985.008
_bO73
100 _aOrtega, Julio
_eAUT
245 0 _aLa cultura peruana:
_bexperiencia y conciencia
260 _c1978
300 _a138 páginas :
_c21 cm.
650 _aGEN
654 _aCHU
942 _cLIB
_dJUS
_fJUS
_2ddc
_n
999 _c11096
_d11096